Frontiers of psychological research; (Record no. 147325)
[ view plain ]
| 000 -LEADER | |
|---|---|
| fixed length control field | 00636cam8a220016900 4500 |
| 001 - CONTROL NUMBER | |
| control field | lce00584415 |
| 008 - FIXED-LENGTH DATA ELEMENTS--GENERAL INFORMATION | |
| fixed length control field | 711020s1966 caua b 000 0 eng |
| 010 ## - LIBRARY OF CONGRESS CONTROL NUMBER | |
| LC control number | 66019912 |
| 035 ## - SYSTEM CONTROL NUMBER | |
| System control number | (Sirsi) r99517 |
| 050 0# - LIBRARY OF CONGRESS CALL NUMBER | |
| Classification number | BF149 SCI 1966 |
| 130 0# - MAIN ENTRY--UNIFORM TITLE | |
| Uniform title | Scientific American. |
| 245 10 - TITLE STATEMENT | |
| Title | Frontiers of psychological research; |
| Remainder of title | readings from Scientific American. |
| Statement of responsibility, etc. | Selected and introduced by Stanley Coopersmith. |
| 260 ## - PUBLICATION, DISTRIBUTION, ETC. | |
| Place of publication, distribution, etc. | San Francisco, |
| Name of publisher, distributor, etc. | W. H. Freeman |
| Date of publication, distribution, etc. | [1966] |
| 504 ## - BIBLIOGRAPHY, ETC. NOTE | |
| Bibliography, etc. note | "Biographies and bibliographies": p. [307]-318. |
| 650 #0 - SUBJECT ADDED ENTRY--TOPICAL TERM | |
| Topical term or geographic name entry element | Psychology. |
| Linkage | S698.1 |
| 700 1# - ADDED ENTRY--PERSONAL NAME | |
| Personal name | Coopersmith, Stanley, 1926- |
| Dates associated with a name | Coopersmith, Stanley, 1926- |
| Linkage | A57973.1 |
No items available.